| 000 | 01213nam1a2200289 4500 | ||
|---|---|---|---|
| 001 | RU\NLR\BIBL_A\011392283 | ||
| 005 | 20260406074055.0 | ||
| 035 | _a(NLR Aleph) 011392283 | ||
| 090 |
_a11458777 _c11458777 |
||
| 100 | _a20170504g20179999k y0rusy50 ca | ||
| 101 | 1 |
_arus _cgre |
|
| 102 | _aRU | ||
| 105 | _a z | ||
| 200 | 1 |
_aИстория ромеев _dΡωμαϊκή ίστορία _fНикифор Григора _g[пер. с греч. Р.В. Яшунского _gвступ. ст. Л. Герд] _zgre |
|
| 210 |
_aСанкт-Петербург _cИздательский проект "Квадривиум" _d2017 |
||
| 215 | _d22 | ||
| 225 | 1 | _aSeria Byzantina | |
| 510 | 1 |
_6z45790 _aΡωμαϊκή ίστορία _zgre |
|
| 607 |
_aВизантия _xИстория _z13 - 14 вв. _91326718 _3RU\NLR\AUTH\66236262 |
||
| 686 | 1 | _aТ3(0)443 | |
| 700 | 0 |
_8rus _7ca _aНикифор Григора _fок.1295-ок.1360 _3RU\NLR\AUTH\77126644 _9109568 |
|
| 702 | 1 |
_aЯшунский _bР.В. _4730 |
|
| 790 | 0 |
_8gre _7ga _aΝικηφόρος Γρηγοράς _fок.1295-ок.1360 _3RU\NLR\AUTH\770143427 _9143391 |
|
| 852 |
_aNLR _j2017-5/3100 |
||
| 942 | _cBOOK | ||